[Event "Oslo Chess International 2014"]
[Site "Oslo"]
[Date "2014.09.28"]
[Round "5"]
[White "Østby, Martin Bergsjø"]
[Black "Smeby, Ole"]
[Result "0-1"]
[WhiteElo "1897"]
[BlackElo "2042"]
[PlyCount "128"]
[EventDate "2014.??.??"]

1. e4 d5 2. exd5 Qxd5 3. Nc3 Qa5 4. d4 c6 5. Nf3 Bg4 6. h3 Bxf3 7. Qxf3 e6 8.
Bd2 Qc7 9. Bc4 Nf6 10. O-O-O Nbd7 11. Rhe1 Nb6 12. Bb3 O-O-O 13. Bf4 Bd6 14.
Bxd6 Qxd6 15. Ne4 Nxe4 16. Rxe4 Rd7 17. c4 Qc7 18. Re2 Rhd8 19. Red2 Kb8 20.
Qe3 Nc8 21. Bc2 h6 22. f4 Nd6 23. b3 Nf5 24. Bxf5 exf5 25. Qe5 g6 26. Qxc7+
Kxc7 27. Kc2 Re8 28. Kc3 Rde7 29. d5 Re3+ 30. Rd3 cxd5 31. cxd5 Kd6 32. a4 Rc8+
33. Kb4 Rxd3 34. Rxd3 Rc5 35. Re3 Rxd5 36. Kc4 Rd2 37. g3 Rg2 38. Rd3+ Ke6 39.
h4 f6 40. Re3+ Kf7 41. Rd3 Rc2+ 42. Kd4 g5 43. fxg5 fxg5 44. Ke5 Rc5+ 45. Kd6
Rc6+ 46. Ke5 Kg6 47. h5+ Kxh5 48. Kxf5 Rc5+ 49. Ke4 Kg4 50. Rd7 b6 51. Rxa7 Rc3
52. Ra6 Rxb3 53. a5 bxa5 54. Rxa5 Rb4+ 55. Ke5 Kxg3 56. Kf5 Kh4 57. Ra1 Kh5 58.
Rf1 Rb5+ 59. Ke4 Kg6 60. Ra1 Rf5 61. Ra8 Rf1 62. Ra2 g4 63. Ra5 h5 64. Rb5 g3
0-1

[Event "Oslo Chess International 2014"]
[Site "Oslo"]
[Date "2014.09.28"]
[Round "5"]
[White "Kverndal, Leif"]
[Black "Risting, Eivind Olav"]
[Result "0-1"]
[WhiteElo "1838"]
[BlackElo "2032"]
[PlyCount "56"]
[EventDate "2014.??.??"]

1. d4 e6 2. Nf3 f5 3. g3 Nf6 4. c4 c6 5. Bg2 d5 6. O-O Bd6 7. Nc3 O-O 8. Ne5
Ne4 9. f3 Nxc3 10. bxc3 Bxe5 11. dxe5 Qa5 12. Qc2 Qc5+ 13. Kh1 Qxc4 14. Rd1 c5
15. e3 Qa6 16. a4 Nc6 17. Bf1 Qa5 18. f4 Qc7 19. g4 Ne7 20. Bd3 b6 21. h4 Bb7
22. Kh2 Kh8 23. Rg1 Ng6 24. h5 Nxe5 25. fxe5 Qxe5+ 26. Rg3 fxg4 27. Qg2 Rf3 28.
Kg1 Rxg3
0-1

[Event "Oslo Chess International 2014"]
[Site "Oslo"]
[Date "2014.09.28"]
[Round "5"]
[White "Sirletti, Sonia"]
[Black "Tryggestad, Andreas G"]
[Result "0-1"]
[WhiteElo "1843"]
[BlackElo "2019"]
[PlyCount "104"]
[EventDate "2014.??.??"]

1. d4 Nf6 2. Nf3 g6 3. c4 Bg7 4. Nc3 d5 5. Bg5 Ne4 6. cxd5 Nxg5 7. Nxg5 e6 8.
Qd2 exd5 9. Qe3+ Kf8 10. Qf4 Bf6 11. Nf3 Be6 12. g3 Nc6 13. h4 h5 14. Bg2 Kg7
15. O-O Qd6 16. Qxd6 cxd6 17. e3 Rac8 18. Rac1 Nb4 19. Nb5 Rc6 20. Nxa7 Rb6 21.
a4 Nd3 22. Rc7 Ra8 23. Nb5 Rxa4 24. Nc3 Rab4 25. Nd1 Nxb2 26. Nxb2 Rxb2 27.
Rfc1 Re2 28. R7c2 Rxc2 29. Rxc2 Rb1+ 30. Kh2 Bd8 31. Nd2 Rb4 32. Bf3 Kf6 33.
Kg2 Ke7 34. Kf1 Bf5 35. Ra2 Bd3+ 36. Kg2 Ke6 37. Ra3 Ba6 38. Ra2 Bc4 39. Rc2 b5
40. Bd1 f5 41. Bf3 Ra4 42. Nxc4 dxc4 43. Bc6 Rb4 44. Be8 d5 45. Bxg6 Rb1 46. f3
Kf6 47. Bh7 b4 48. g4 b3 49. Re2 c3 50. Bxf5 Rc1 51. Kf2 c2 52. e4 Rf1+
0-1

[Event "Oslo Chess International 2014"]
[Site "Oslo"]
[Date "2014.09.28"]
[Round "5"]
[White "Røneid, Heidi"]
[Black "Pettersson, Ola"]
[Result "0-1"]
[WhiteElo "1675"]
[BlackElo "1997"]
[PlyCount "76"]
[EventDate "2014.??.??"]

1. e4 e5 2. Nf3 Nc6 3. Bb5 f5 4. d4 fxe4 5. Nxe5 Nxe5 6. dxe5 c6 7. Nc3 cxb5 8.
Nxe4 d5 9. exd6 Nf6 10. O-O Bf5 11. Nxf6+ gxf6 12. Qh5+ Bg6 13. Qxb5+ Qd7 14.
Re1+ Kd8 15. Qe2 Bxd6 16. Rd1 Re8 17. Qf3 Re6 18. Bf4 Be4 19. Qg3 Kc7 20. Rd2
Rd8 21. Rad1 Qe7 22. h3 Bc6 23. c4 Re1+ 24. Rxe1 Qxe1+ 25. Kh2 Bxf4 26. Qxf4+
Qe5 27. Qxe5+ fxe5 28. Re2 e4 29. Kg3 Rg8+ 30. Kh2 Kd6 31. g4 Rf8 32. Kg3 Rf3+
33. Kh4 Ke5 34. Rd2 Rd3 35. Re2 Kf4 36. g5 Bd7 37. Re3 Rxe3 38. fxe3+ Kxe3
0-1

[Event "Oslo Chess International 2014"]
[Site "Oslo"]
[Date "2014.09.28"]
[Round "5"]
[White "Egeland, Finn"]
[Black "Huse, Sigurd Kjelsbøl"]
[Result "1-0"]
[WhiteElo "1995"]
[BlackElo "1720"]
[PlyCount "67"]
[EventDate "2014.??.??"]

1. e4 e5 2. Nf3 Nf6 3. Nxe5 d6 4. Nf3 Nxe4 5. d4 d5 6. Bd3 Bd6 7. O-O O-O 8. c4
c6 9. Qc2 Re8 10. Nc3 Nxc3 11. Bxh7+ Kh8 12. bxc3 g6 13. Bxg6 fxg6 14. Qxg6 Re6
15. Qh5+ Kg7 16. c5 Be7 17. Bf4 Nd7 18. Rae1 Rg6 19. Re2 Nf6 20. Qe5 Kf8 21.
Rfe1 Ne4 22. Qh8+ Rg8 23. Bh6+ Kf7 24. Qh7+ Kf6 25. Ne5 Qe8 26. Re3 Nd2 27. Bf4
Rh8 28. Nd7+ Bxd7 29. Be5+ Ke6 30. Bxh8+ Ne4 31. Rxe4+ dxe4 32. Qxe4+ Kf7 33.
Qh7+ Kf8 34. Qg7#
1-0

[Event "Oslo Chess International 2014"]
[Site "Oslo"]
[Date "2014.09.28"]
[Round "5"]
[White "Johansen, Kai-Roger"]
[Black "Nordquelle, Daniel"]
[Result "1-0"]
[WhiteElo "1995"]
[BlackElo "1814"]
[PlyCount "157"]
[EventDate "2014.??.??"]

1. c4 e6 2. Nf3 d5 3. g3 c6 4. Bg2 Nf6 5. O-O Bd6 6. b3 O-O 7. d4 Nbd7 8. Bb2
Ne4 9. Qc2 f5 10. e3 Ndf6 11. Ne5 Qc7 12. f3 Ng5 13. Nc3 Nf7 14. Nd3 h5 15.
Rac1 h4 16. f4 hxg3 17. hxg3 Qe7 18. Ne5 Bxe5 19. dxe5 Ne4 20. Ne2 Nh6 21. cxd5
cxd5 22. Qc7 Qe8 23. Bxe4 fxe4 24. Ba3 Rf7 25. Qc3 b6 26. Qc2 Ng4 27. Qd2 Ba6
28. Kg2 Rf5 29. Rh1 Rh5 30. Nd4 Rc8 31. Rxc8 Bxc8 32. Bc1 Ba6 33. Qd1 Qg6 34.
Rxh5 Qxh5 35. Qh1 Bf1+ 36. Kg1 Qxh1+ 37. Kxh1 Kf7 38. Kg1 Bd3 39. Kg2 a6 40.
Bd2 Ke7 41. Kh3 Nf2+ 42. Kh4 Bb1 43. a3 Ba2 44. g4 Kf7 45. f5 Nd3 46. fxe6+ Ke8
47. Bb4 Nc5 48. Kg5 a5 49. Bc3 Bxb3 50. Kg6 Kf8 51. g5 Ba4 52. Kf5 Be8 53. Ne2
Nd3 54. Bd4 Ke7 55. g6 b5 56. Nf4 Nxf4 57. Bc5+ Kd8 58. exf4 Kc7 59. e7 Kc6 60.
Bd4 Kd7 61. e6+ Kd6 62. Bc3 e3 63. Bxa5 e2 64. Bb4+ Kc6 65. Ke5 Bxg6 66. f5 Be8
67. Kd4 Bh5 68. Ke3 Kc7 69. e8=Q Bxe8 70. Kxe2 Bh5+ 71. Ke3 Kd8 72. Bf8 Ke8 73.
Bxg7 Ke7 74. Kd4 Kd6 75. Bf8+ Kc6 76. f6 Kc7 77. Kxd5 Kd8 78. f7 Kc7 79. Bd6+
1-0

[Event "Oslo Chess International 2014"]
[Site "Oslo"]
[Date "2014.09.28"]
[Round "5"]
[White "Kløfsrud, August Kristiansen"]
[Black "Omtvedt, Per"]
[Result "0-1"]
[WhiteElo "1606"]
[BlackElo "1948"]
[PlyCount "64"]
[EventDate "2014.??.??"]

1. d4 d5 2. c4 c6 3. Nc3 Nf6 4. Nf3 e6 5. e3 Nbd7 6. a3 Bd6 7. Bd2 O-O 8. c5
Bc7 9. Bd3 e5 10. dxe5 Nxe5 11. Nxe5 Bxe5 12. O-O Qe7 13. b4 Ne4 14. Rc1 f5 15.
f3 Nxc3 16. Bxc3 Bxc3 17. Rxc3 Qxe3+ 18. Kh1 Qe5 19. Rc2 Bd7 20. f4 Qf6 21. Rf3
Rae8 22. Rh3 Re7 23. Bf1 Rfe8 24. Qh5 h6 25. Rf2 Re1 26. Rg3 Kh7 27. h3 d4 28.
Rff3 g6 29. Rxg6 Qxg6 30. Qh4 R1e3 31. Rxe3 dxe3 32. Qe1 e2
0-1

[Event "Oslo Chess International 2014"]
[Site "Oslo"]
[Date "2014.09.28"]
[Round "5"]
[White "Hem, Even Elias Yuan"]
[Black "Johansen, Pål H"]
[Result "0-1"]
[WhiteElo "1648"]
[BlackElo "1919"]
[PlyCount "86"]
[EventDate "2014.??.??"]

1. d4 Nf6 2. c4 e6 3. Nc3 b6 4. e4 Bb7 5. Bd3 d6 6. f3 Nc6 7. Nge2 Be7 8. Be3
Qd7 9. a3 O-O 10. Qc2 e5 11. d5 Nd8 12. Ng3 g6 13. Qf2 Ne8 14. h4 f6 15. h5 g5
16. h6 Nf7 17. Nf5 Nh8 18. g3 Bc8 19. f4 Qd8 20. fxg5 fxg5 21. g4 Ng6 22. Kd2
Nf4 23. Raf1 Bf6 24. b4 Bh8 25. c5 Rf6 26. Bb5 Bd7 27. Bxd7 Qxd7 28. c6 Qf7 29.
Ne2 Rg6 30. Qf3 Nf6 31. Rfg1 Kf8 32. Bxf4 gxf4 33. g5 Nxd5 34. Nxd6 Rxd6 35.
exd5 Qxd5+ 36. Qxd5 Rxd5+ 37. Kc2 Rad8 38. Nc3 Rd2+ 39. Kb3 Kf7 40. Nb5 e4 41.
Re1 a6 42. Nxc7 b5 43. Rh3 Rb2#
0-1

[Event "Oslo Chess International 2014"]
[Site "Oslo"]
[Date "2014.09.28"]
[Round "5"]
[White "Vestby-Ellingsen, Mads"]
[Black "Gustavsson, Kent"]
[Result "1/2-1/2"]
[WhiteElo "1566"]
[BlackElo "1892"]
[PlyCount "58"]
[EventDate "2014.??.??"]

1. e4 e5 2. Nf3 Nc6 3. Bb5 a6 4. Ba4 d6 5. O-O Bd7 6. c3 Nge7 7. d4 Ng6 8. Re1
Be7 9. Nbd2 h6 10. Nf1 Bg5 11. Ng3 Bxc1 12. Rxc1 O-O 13. d5 Nce7 14. Bc2 f5 15.
exf5 Nxf5 16. Nxf5 Bxf5 17. Bxf5 Rxf5 18. Qb3 b6 19. Rcd1 Nh4 20. Nxh4 Qxh4 21.
Qc2 Raf8 22. Rd2 Rh5 23. h3 Rg5 24. Re3 Rgf5 25. Re4 Qf6 26. Re3 Qg5 27. Rg3
Qf6 28. Re3 Qg5 29. Rg3 Qf6
1/2-1/2

[Event "Oslo Chess International 2014"]
[Site "Oslo"]
[Date "2014.09.28"]
[Round "5"]
[White "Lindblom, Roar"]
[Black "Hauan, Tore Martin Madsø"]
[Result "1-0"]
[WhiteElo "1858"]
[BlackElo "1647"]
[PlyCount "61"]
[EventDate "2014.??.??"]

1. d4 Nf6 2. c4 g6 3. Nc3 d5 4. cxd5 Nxd5 5. e4 Nxc3 6. bxc3 Bg7 7. Bc4 c5 8.
Be3 Nc6 9. Ne2 cxd4 10. cxd4 O-O 11. O-O e6 12. Rc1 Qh4 13. Qc2 a6 14. a4 Bd7
15. f3 Rac8 16. Qa2 Nb4 17. Qd2 a5 18. Bg5 Bh6 19. Bxh6 Qe7 20. Bxf8 Kxf8 21.
Qh6+ Kg8 22. Bb5 Nc6 23. e5 Rd8 24. Rfd1 Be8 25. f4 f5 26. h4 Rb8 27. h5 Nd8
28. hxg6 hxg6 29. d5 exd5 30. Rxd5 Nf7 31. Qh3
1-0

[Event "Oslo Chess International 2014"]
[Site "Oslo"]
[Date "2014.09.28"]
[Round "5"]
[White "Myhre, Mads Wollan"]
[Black "Govatsmark, Konstantin"]
[Result "0-1"]
[WhiteElo "1646"]
[BlackElo "1843"]
[PlyCount "72"]
[EventDate "2014.??.??"]

1. c4 e5 2. g3 d6 3. Nc3 f5 4. Bg2 Nf6 5. Nf3 Be7 6. d3 c6 7. e3 O-O 8. O-O a5
9. a3 Bd7 10. Rb1 Na6 11. d4 e4 12. Nd2 Qe8 13. Ne2 Qg6 14. Nf4 Qh6 15. b4 axb4
16. axb4 Nc7 17. Bb2 Kh8 18. Qe2 g5 19. Nh3 f4 20. Nxf4 gxf4 21. exf4 e3 22.
fxe3 Ra2 23. e4 Bg4 24. Bf3 Qg6 25. e5 Bxf3 26. Rxf3 Nh5 27. Kh1 Na6 28. f5
Rxf5 29. Rxf5 Qxf5 30. exd6 Bxd6 31. Qe8+ Kg7 32. d5+ Kh6 33. Rf1 Nxg3+ 34. Kg1
Nxf1 35. Nxf1 Rxb2 36. Qe3+ Qg5+
0-1

[Event "Oslo Chess International 2014"]
[Site "Oslo"]
[Date "2014.09.28"]
[Round "5"]
[White "Svanholm, Børge W"]
[Black "Aure, Anders Nilsson"]
[Result "0-1"]
[WhiteElo "1835"]
[BlackElo "1628"]
[PlyCount "136"]
[EventDate "2014.??.??"]

1. c4 Nf6 2. Nc3 d5 3. cxd5 Nxd5 4. Nf3 g6 5. d4 Bg7 6. g3 O-O 7. Bg2 Nxc3 8.
bxc3 c5 9. O-O Nc6 10. e3 Qc7 11. Bb2 Rd8 12. Qa4 cxd4 13. cxd4 Bd7 14. Qc2
Rac8 15. Rfc1 Qb6 16. Qe2 Nb4 17. Bc3 Nd5 18. Be1 Rxc1 19. Rxc1 Nf6 20. Ne5 Be6
21. a3 Rc8 22. Rxc8+ Bxc8 23. Qc4 Be6 24. Qb4 Nd5 25. Qxb6 axb6 26. Nd3 Kf8 27.
Nb4 Nxb4 28. Bxb4 Bc8 29. Kf1 Ke8 30. Ke2 e6 31. Kd3 Kd7 32. Kc4 Kc7 33. Be7
Bd7 34. h4 h5 35. Be4 Bc6 36. d5 Bxd5+ 37. Bxd5 exd5+ 38. Kxd5 Kd7 39. Bb4 Bb2
40. a4 Bg7 41. e4 Bb2 42. Bd2 Bf6 43. Bg5 Bc3 44. Be3 Ba5 45. Bd4 Ke7 46. Ke5
Kd7 47. Kf6 Ke8 48. e5 Bb4 49. Bxb6 Be7+ 50. Kg7 Bf8+ 51. Kg8 Be7 52. Be3 Bd8
53. Kg7 Be7 54. e6 Bf8+ 55. Kh7 Be7 56. Bd4 g5 57. exf7+ Kxf7 58. Kh6 gxh4 59.
gxh4 Bxh4 60. Kxh5 Bd8 61. Kg4 Ke6 62. f4 Bc7 63. Bf2 Kf6 64. f5 Be5 65. Bb6
Kg7 66. Kf3 Bb8 67. Ke4 Kf6 68. Bd4+ Kf7
0-1

[Event "Oslo Chess International 2014"]
[Site "Oslo"]
[Date "2014.09.28"]
[Round "5"]
[White "Erikstad, Olav"]
[Black "Mørkedal, Øyvind"]
[Result "1-0"]
[WhiteElo "1832"]
[BlackElo "1766"]
[PlyCount "57"]
[EventDate "2014.??.??"]

1. e4 c5 2. c3 b6 3. d4 Bb7 4. Nd2 cxd4 5. cxd4 Nf6 6. e5 Nd5 7. Ngf3 e6 8. g3
Be7 9. Bg2 O-O 10. O-O Nc6 11. Re1 Rc8 12. a3 d6 13. Ne4 f5 14. exf6 Nxf6 15.
Nxf6+ Bxf6 16. Rxe6 Qd7 17. Re1 Qf5 18. Be3 Ne7 19. Rc1 Bxf3 20. Bxf3 Rxc1 21.
Bxc1 Nd5 22. Qb3 Kh8 23. Qxd5 Qd3 24. Qxd6 Be7 25. Qxe7 Qxf3 26. Bf4 Rg8 27.
Qd7 Qa8 28. Be5 Qf8 29. Qxa7
1-0

[Event "Oslo Chess International 2014"]
[Site "Oslo"]
[Date "2014.09.28"]
[Round "5"]
[White "Heier, Odin Nikolai"]
[Black "Ranaldi, Lucas"]
[Result "0-1"]
[WhiteElo "1626"]
[BlackElo "1831"]
[PlyCount "68"]
[EventDate "2014.??.??"]

1. e4 c5 2. Nf3 g6 3. c3 Bg7 4. d4 cxd4 5. cxd4 d5 6. e5 Bg4 7. Bb5+ Nc6 8. Be3
Nh6 9. Qc1 Qa5+ 10. Nc3 Bxf3 11. gxf3 Nf5 12. O-O O-O 13. Rd1 e6 14. a3 Rac8
15. b4 Qb6 16. Bxc6 Rxc6 17. Qd2 Nh4 18. Qd3 Nxf3+ 19. Kg2 Nh4+ 20. Kh1 Rfc8
21. Na4 Qc7 22. Bg5 Nf5 23. Rac1 Rc4 24. Rxc4 dxc4 25. Qc3 Qc6+ 26. d5 exd5 27.
Qc2 Bxe5 28. Nb2 h6 29. Bc1 d4+ 30. Kg1 Nh4 31. f4 d3 32. Qf2 Bd4 33. Be3 Bxe3
34. Kf1 Qh1+
0-1

[Event "Oslo Chess International 2014"]
[Site "Oslo"]
[Date "2014.09.28"]
[Round "5"]
[White "Wicklund-Hansen, Rich."]
[Black "Enersen, Eirik S"]
[Result "1-0"]
[WhiteElo "1815"]
[BlackElo "1591"]
[PlyCount "41"]
[EventDate "2014.??.??"]

1. e4 e6 2. d3 d5 3. Nd2 Nf6 4. g3 b6 5. Bg2 Bb7 6. e5 Nfd7 7. d4 c5 8. c3 Nc6
9. Ne2 a5 10. O-O Ba6 11. Nf3 Rc8 12. Be3 Qc7 13. Re1 c4 14. Nh4 b5 15. f4 g6
16. g4 h5 17. Qc2 hxg4 18. Nxg6 fxg6 19. Qxg6+ Ke7 20. f5 Ndxe5 21. Bg5+
1-0

[Event "Oslo Chess International 2014"]
[Site "Oslo"]
[Date "2014.09.28"]
[Round "5"]
[White "Ruud, Svein E"]
[Black "Wærstad, Leif E"]
[Result "1/2-1/2"]
[WhiteElo "1798"]
[BlackElo "1605"]
[PlyCount "61"]
[EventDate "2014.??.??"]

1. d4 Nf6 2. c4 d5 3. e3 g6 4. Nc3 Bg7 5. h3 O-O 6. Nf3 c6 7. b3 Nbd7 8. Bb2
Re8 9. cxd5 cxd5 10. Be2 a6 11. a4 Nf8 12. O-O Bf5 13. Rc1 Rc8 14. Bd3 Ne4 15.
g4 Nxc3 16. Bxc3 Bxd3 17. Qxd3 Nd7 18. Rfd1 Nf6 19. Nd2 e6 20. Rc2 Qd7 21. Rdc1
h6 22. Bb4 Rxc2 23. Rxc2 Rc8 24. Kg2 Rxc2 25. Qxc2 Qd8 26. f3 Nd7 27. Bd6 e5
28. dxe5 Bxe5 29. Bxe5 Nxe5 30. f4 Nc6 31. Qc5
1/2-1/2

[Event "Oslo Chess International 2014"]
[Site "Oslo"]
[Date "2014.09.28"]
[Round "5"]
[White "Bø, Torgeir H"]
[Black "Ondo, Shaun"]
[Result "0-1"]
[WhiteElo "1474"]
[BlackElo "1730"]
[PlyCount "90"]
[EventDate "2014.??.??"]

1. e4 e5 2. Nf3 Nc6 3. Bc4 Nf6 4. O-O Nxe4 5. Re1 d5 6. d3 dxc4 7. dxe4 Qxd1 8.
Rxd1 Bg4 9. Nc3 Bxf3 10. gxf3 Nd4 11. Be3 Nxc2 12. Rac1 Nxe3 13. fxe3 c6 14.
Ne2 Bc5 15. Kf2 O-O 16. Rxc4 Bb6 17. Rd7 Rab8 18. Rc2 Rfd8 19. Rcd2 f6 20.
Rxd8+ Rxd8 21. Rxd8+ Bxd8 22. Nc3 b5 23. a4 a6 24. Ke2 Kf7 25. f4 exf4 26. exf4
Ke6 27. Ke3 Bb6+ 28. Kf3 Bd4 29. f5+ Kd6 30. axb5 axb5 31. Nd1 c5 32. Ke2 c4
33. Nc3 b4 34. Nd5 Kc5 35. Kd2 Bxb2 36. h4 Kd4 37. Nb6 b3 38. h5 c3+ 39. Ke2 c2
40. h6 gxh6 41. e5 fxe5 42. f6 c1=Q 43. f7 Qe3+ 44. Kd1 Bc3 45. f8=B Qd2#
0-1

[Event "Oslo Chess International 2014"]
[Site "Oslo"]
[Date "2014.09.28"]
[Round "5"]
[White "Moberg, Jan Rune"]
[Black "Trana, Arne O"]
[Result "0-1"]
[WhiteElo "1697"]
[BlackElo "1358"]
[PlyCount "124"]
[EventDate "2014.??.??"]

1. d4 Nf6 2. c4 g6 3. Nf3 Bg7 4. g3 O-O 5. Bg2 d6 6. O-O Nc6 7. Nc3 a6 8. Bg5
Rb8 9. Qc1 Na5 10. Nd5 b5 11. Nxf6+ exf6 12. Bh6 Nxc4 13. Bxg7 Kxg7 14. b3 Nb6
15. e4 Re8 16. Re1 Bg4 17. h3 Bxf3 18. Bxf3 Nd7 19. Bg2 c5 20. Qb2 Qe7 21. f4
Rbc8 22. e5 fxe5 23. dxe5 dxe5 24. Bb7 Rc7 25. Bxa6 c4 26. bxc4 Qc5+ 27. Kh2
bxc4 28. a4 c3 29. Qc2 Nf8 30. Bb5 Ree7 31. Re4 exf4 32. Rxf4 Ne6 33. Rc4 Qe5
34. Re4 Qg5 35. Rd1 f5 36. Re5 Qf6 37. Red5 f4 38. Rd6 fxg3+ 39. Kxg3 Qe5+ 40.
Kg2 Nf4+ 41. Kh1 Nxh3 42. Kg2 Nf4+ 43. Kh1 Qh5+ 44. Kg1 Qg4+ 45. Kh1 Re3 46.
Bf1 Qh4+ 47. Qh2 Qxh2+ 48. Kxh2 c2 49. Rc1 Rc5 50. Rd2 Rec3 51. a5 Rxa5 52.
Rcxc2 Rxc2 53. Rxc2 Ra7 54. Kg3 Nh5+ 55. Kh4 Nf6 56. Be2 h6 57. Kg3 h5 58. Bf3
g5 59. Be2 Ra3+ 60. Kg2 Kg6 61. Bc4 Ng4 62. Bd5 Ne3+
0-1

[Event "Oslo Chess International 2014"]
[Site "Oslo"]
[Date "2014.09.28"]
[Round "5"]
[White "Yilmaz, Kazim"]
[Black "Sivaranjan, Aschmirthan"]
[Result "1/2-1/2"]
[WhiteElo "1686"]
[BlackElo "1509"]
[PlyCount "30"]
[EventDate "2014.??.??"]

1. c4 f5 2. d4 Nf6 3. Nc3 g6 4. Nf3 Bg7 5. g3 O-O 6. Bg2 d6 7. O-O c6 8. Re1
Qe8 9. e4 fxe4 10. Nxe4 Nxe4 11. Rxe4 Bf5 12. Re3 Qf7 13. Qb3 e6 14. Bd2 Bg4
15. h3 Bxf3
1/2-1/2

[Event "Oslo Chess International 2014"]
[Site "Oslo"]
[Date "2014.09.28"]
[Round "5"]
[White "Tveten, Per"]
[Black "Bakkes, Frits"]
[Result "1/2-1/2"]
[WhiteElo "1593"]
[BlackElo "1682"]
[PlyCount "74"]
[EventDate "2014.??.??"]

1. e4 c5 2. c4 Nc6 3. Nc3 Nf6 4. Nf3 d6 5. h3 e6 6. g3 Be7 7. Bg2 O-O 8. O-O a6
9. d3 h6 10. Re1 Rb8 11. e5 dxe5 12. Nxe5 Nxe5 13. Rxe5 Bd6 14. Re1 Qc7 15. Ne4
Be7 16. d4 cxd4 17. Qxd4 Rd8 18. Qc3 Nxe4 19. Bxe4 Bf6 20. Qc2 e5 21. Kh2 Be6
22. b3 Rbc8 23. Be3 Qa5 24. Rad1 Rxd1 25. Rxd1 b5 26. c5 Be7 27. Bb7 Rc7 28. c6
Bc8 29. Bc5 Bxb7 30. Bxe7 Rxc6 31. Qe4 f6 32. Qg6 Rc8 33. Bxf6 Qc7 34. Rc1 Qd7
35. Rxc8+ Bxc8 36. g4 e4 37. Be5 Qf7
1/2-1/2

[Event "Oslo Chess International 2014"]
[Site "Oslo"]
[Date "2014.09.28"]
[Round "5"]
[White "Taranger, Rune"]
[Black "Lie, Terje"]
[Result "1/2-1/2"]
[WhiteElo "1681"]
[BlackElo "1575"]
[PlyCount "116"]
[EventDate "2014.??.??"]

1. d4 Nf6 2. e3 e6 3. f4 b6 4. Nf3 Bb7 5. Bd3 h6 6. Qe2 Be7 7. c3 O-O 8. Nbd2
d5 9. Ne5 c5 10. Ndf3 Nbd7 11. O-O c4 12. Bc2 b5 13. Bd2 Ne4 14. Nxd7 Qxd7 15.
Ne5 Qe8 16. Bxe4 dxe4 17. Qg4 f5 18. Qh3 Bd6 19. Be1 Bxe5 20. fxe5 Kh7 21. g4
g6 22. Bh4 Rg8 23. Bf6 Qf7 24. Kh1 Raf8 25. gxf5 gxf5 26. Rg1 Rxg1+ 27. Rxg1
Rg8 28. Rxg8 Qxg8 29. Qg3 Qg4 30. Qxg4 fxg4 31. Kg2 Kg6 32. a3 Bc6 33. Kg3 h5
34. Be7 Kf7 35. Bf6 Kg6 36. Be7 Be8 37. Bf6 Bc6 38. Be7 Kf5 39. Bf6 Kg6 40. Bd8
Kg7 41. Kh4 Kh6 42. Bg5+ Kg6 43. Bd8 Be8 44. Bf6 Kh6 45. Bg5+ Kg7 46. Bd8 Kg6
47. Bf6 Kf5 48. Be7 a5 49. Bd8 a4 50. Be7 Kg6 51. Bd6 Bf7 52. Bc5 Bg8 53. Bd6
Bh7 54. Bc5 Kh6 55. Bd6 Bf5 56. Bc5 Kg6 57. Bd6 Kh6 58. Bc5 Kg6
1/2-1/2

[Event "Oslo Chess International 2014"]
[Site "Oslo"]
[Date "2014.09.28"]
[Round "5"]
[White "Reppen, Tore"]
[Black "Landsverk, Ida"]
[Result "1-0"]
[WhiteElo "1678"]
[BlackElo "1359"]
[PlyCount "119"]
[EventDate "2014.??.??"]

1. g3 Nf6 2. Bg2 g6 3. c4 Bg7 4. Nc3 O-O 5. Nf3 c5 6. Qc2 d6 7. a3 Nc6 8. d3
Rb8 9. O-O b6 10. Rb1 Bb7 11. e3 Qd7 12. b4 e6 13. Rd1 d5 14. bxc5 bxc5 15.
cxd5 exd5 16. Na4 Qe7 17. Qxc5 Rfc8 18. Qxe7 Nxe7 19. d4 Ne4 20. Ne5 Rc2 21.
Bxe4 dxe4 22. Nd7 Rbc8 23. Nac5 Bd5 24. Rb8 Rxb8 25. Nxb8 h5 26. h4 Nf5 27.
Nba6 Bc4 28. Nb4 Re2 29. Nxe4 a5 30. Nc6 Bd5 31. Nc3 Rc2 32. Nxd5 Rxc6 33. Bd2
Bf8 34. Bxa5 Bxa3 35. Bb4 Bxb4 36. Nxb4 Rc4 37. Nd3 Nd6 38. Rc1 Ra4 39. Rc2 Ne4
40. Kg2 Kg7 41. Nc5 Nxc5 42. Rxc5 Ra2 43. Kf3 Kf6 44. Re5 Rd2 45. Re4 Kg7 46.
g4 Kh6 47. gxh5 Kxh5 48. Rf4 f5 49. Kg2 Rd3 50. Kh3 Rd1 51. Kg3 Rg1+ 52. Kf3
Rd1 53. Ke2 Rb1 54. d5 Rb2+ 55. Kf3 Rb6 56. Rd4 Rd6 57. Kf4 Rd8 58. Ke5 Re8+
59. Kf6 Rd8 60. d6
1-0

[Event "Oslo Chess International 2014"]
[Site "Oslo"]
[Date "2014.09.28"]
[Round "5"]
[White "Berntsen-Øybø, August"]
[Black "Bjørnsen, Magnus"]
[Result "1-0"]
[WhiteElo "1676"]
[BlackElo "925"]
[PlyCount "65"]
[EventDate "2014.??.??"]

1. e4 e5 2. Nf3 Nc6 3. d4 exd4 4. Nxd4 Nf6 5. Nc3 Bc5 6. Be3 Nxd4 7. Bxd4 Bxd4
8. Qxd4 O-O 9. e5 Ne8 10. O-O-O Qg5+ 11. f4 Qf5 12. Bd3 Qe6 13. f5 Qb6 14. Qf4
f6 15. exf6 Nxf6 16. g4 Qc5 17. Kb1 Kh8 18. h4 c6 19. h5 d6 20. Rdf1 Bd7 21. h6
Rf7 22. g5 Nd5 23. Nxd5 Qxd5 24. g6 Rxf5 25. hxg7+ Kxg7 26. Qh6+ Kf6 27. gxh7+
Ke7 28. Rxf5 Bxf5 29. Qg7+ Qf7 30. Qxf7+ Kxf7 31. h8=Q Rxh8 32. Rxh8 Bxd3 33.
cxd3
1-0

[Event "Oslo Chess International 2014"]
[Site "Oslo"]
[Date "2014.09.28"]
[Round "5"]
[White "Mrdeza, Jason"]
[Black "Edakina, Maria"]
[Result "1-0"]
[WhiteElo "1300"]
[BlackElo "1675"]
[PlyCount "81"]
[EventDate "2014.??.??"]

1. e4 e5 2. Nf3 Nf6 3. Nxe5 d6 4. Nf3 Nxe4 5. Nc3 Nxc3 6. dxc3 Be7 7. Be3 Be6
8. Qd2 Nc6 9. O-O-O a6 10. Kb1 Qd7 11. Be2 O-O-O 12. Nd4 Ne5 13. Nxe6 Qxe6 14.
Qd4 c5 15. Qa4 d5 16. Rhe1 h5 17. Qa5 Qc6 18. h3 Bd6 19. Bf4 Nc4 20. Bxc4 Bxf4
21. Bf1 Rhe8 22. Rxe8 Rxe8 23. g3 Bc7 24. Qa3 c4 25. Bg2 b5 26. Kc1 Qh6+ 27.
Kb1 Qc6 28. b3 Qg6 29. Bxd5 Re2 30. Qf8+ Bd8 31. Qxd8+ Kxd8 32. Bxf7+ Ke7 33.
Bxg6 Rxf2 34. Bxh5 Rg2 35. Bg4 Rxg3 36. Rd7+ Kf6 37. Rd6+ Ke5 38. Rxa6 Rxc3 39.
Rb6 Rg3 40. Rxb5+ Kd4 41. Rb4
1-0

[Event "Oslo Chess International 2014"]
[Site "Oslo"]
[Date "2014.09.28"]
[Round "5"]
[White "Nilsen, Tobias Lang"]
[Black "Roksvold, Thore"]
[Result "1-0"]
[WhiteElo "1652"]
[BlackElo "1140"]
[PlyCount "107"]
[EventDate "2014.??.??"]

1. e4 e6 2. d4 d5 3. Nc3 dxe4 4. Nxe4 Nd7 5. Nf3 Ngf6 6. Nxf6+ Nxf6 7. Bd3 Be7
8. O-O b6 9. Qe2 Bb7 10. Ba6 Bxf3 11. Qxf3 O-O 12. c3 Nd5 13. Bd3 f5 14. Re1
Qd7 15. Qe2 Rf6 16. a3 Bd6 17. Qf3 Raf8 18. Bc4 c6 19. Ba2 b5 20. Bxd5 exd5 21.
Bf4 Qc7 22. Bxd6 Qxd6 23. Re5 R6f7 24. Rae1 Qg6 25. h3 a5 26. Qf4 h6 27. Re6
Rf6 28. Qd6 Rxe6 29. Rxe6 Rf6 30. Qd8+ Kh7 31. Rxf6 Qxf6 32. Qxf6 gxf6 33. Kh2
f4 34. g4 fxg3+ 35. Kxg3 a4 36. Kf4 Kg6 37. Kg4 h5+ 38. Kf4 f5 39. h4 Kf6 40.
f3 Ke6 41. Kg5 f4 42. Kg6 Ke7 43. Kxh5 Kf6 44. Kg4 Kg6 45. Kxf4 Kh6 46. Kg4 Kg6
47. f4 Kf6 48. f5 Kf7 49. Kg5 Kg7 50. f6+ Kf7 51. Kf5 Kg8 52. Ke6 Kf8 53. f7
Kg7 54. Ke7
1-0

[Event "Oslo Chess International 2014"]
[Site "Oslo"]
[Date "2014.09.28"]
[Round "5"]
[White "Carstensen, Øyvind"]
[Black "Sivaranjan, Pradheeban"]
[Result "1-0"]
[WhiteElo "1633"]
[BlackElo "1030"]
[PlyCount "149"]
[EventDate "2014.??.??"]

1. d4 d5 2. Nd2 Nf6 3. e3 g6 4. Ngf3 Bg7 5. b4 O-O 6. c4 Nc6 7. Qb3 Bf5 8. Bb2
a5 9. a3 axb4 10. axb4 Rxa1+ 11. Bxa1 Qa8 12. Bc3 e6 13. c5 Ne4 14. Nxe4 Bxe4
15. Be2 Ne7 16. O-O Nf5 17. Ra1 Qb8 18. b5 Qd8 19. b6 c6 20. Ra7 Qb8 21. Be1
Nh6 22. Ng5 Bf5 23. f3 e5 24. Bg3 Qd8 25. f4 exf4 26. Bxf4 Ng4 27. Rxb7 Nf6 28.
Rb8 Qe7 29. Bd6 Qd7 30. Bxf8 Bxf8 31. b7 Bc2 32. Qxc2 Qe7 33. Rxf8+ Qxf8 34.
Qb2 Nd7 35. Qb3 Qd8 36. Nf3 Kg7 37. Ne5 Nb8 38. Qb6 Qg5 39. Qb3 Qd8 40. Ng4 Qa5
41. Kf2 Qc7 42. g3 f6 43. Kg2 h5 44. Nf2 Qd8 45. Qb6 Qe8 46. Qc7+ Kh6 47. Kf3
Nd7 48. Qc8 Qe7 49. Qh8+ Kg5 50. h4+ Kf5 51. Bd3+ Ke6 52. Nh3 Kf7 53. Bxg6+
Kxg6 54. Nf4+ Kf7 55. Qxh5+ Kg8 56. Qg4+ Kf7 57. Qh5+ Kg8 58. Qg6+ Kf8 59. h5
Nb8 60. h6 Qxb7 61. Ne6+ Ke7 62. Qg7+ Kxe6 63. Qxb7 Nd7 64. Qxc6+ Ke7 65. Qd6+
Ke8 66. h7 Ne5+ 67. Ke2 Nf7 68. Qe6+ Kf8 69. Qxf6 Ke8 70. c6 Nh8 71. Qxh8+ Ke7
72. Qg7+ Ke6 73. Qe5+ Kf7 74. h8=Q Kg6 75. Qef6#
1-0